The Magical Nectar Poems/ (Record no. 216568)

MARC details
000 -LEADER
fixed length control field 00573nam a22001937a 4500
005 - DATE AND TIME OF LATEST TRANSACTION
control field 20260609151327.0
010 ## - LCCN (DPL NO)
LC control number ENG-148785
020 ## - INTERNATIONAL STANDARD BOOK NUMBER
International Standard Book Number 9789391091187
Terms of availability 220.00
035 ## - SYSTEM CONTROL NUMBER
System control number EN-132317
037 ## - SOURCE OF ACQUISITION
Source of stock number/acquisition DBAD
082 ## - DEWEY DECIMAL CLASSIFICATION NUMBER
Classification number 881
Edition number 1
100 ## - MAIN ENTRY--PERSONAL NAME
Personal name Grover, Kiran Preet
245 ## - TITLE STATEMENT
Title The Magical Nectar Poems/
Statement of responsibility, etc Kiran Preet Grover
250 ## - EDITION STATEMENT
Edition statement 1
260 ## - PUBLICATION, DISTRIBUTION, ETC. (IMPRINT)
Place of publication, distribution, etc Gurugram
Name of publisher, distributor, etc The Poetry Society of India
Date of publication, distribution, etc 2022
270 ## - ADDRESS
Address H-23/16, DLF Phase-I
City Gurugram
Postal code 122002
Electronic mail address thepoetrysoindia@gmail.com
300 ## - PHYSICAL DESCRIPTION
Extent 55p.
Dimensions 22cm(pb)
942 ## - ADDED ENTRY ELEMENTS (KOHA)
Source of classification or shelving scheme Dewey Decimal Classification
Item type English Books
Classification part 881
Call number suffix GRO
Holdings
Withdrawn status Lost status Not for loan Collection code Home library Current library Date acquired Source of acquisition Cost, normal purchase price Full call number Barcode Copy number Cost, replacement price Koha item type
    Not For Loan Non-fiction D.B.Act.Division D.B.Act.Division 09/06/2026 Delivery of Books Act Division 220.00 881 GRO EN-132317 1 220.00 English Books

© Delhi Public Library
Hit Counter
free hit counter